000 00352nam a2200133Ia 4500
008 150202s9999 xx 000 0 und d
020 _a712649638
050 _aFIC
_bFIC
100 _aDeighton, Len.
245 _aMamista /
_cLen Deighton.
260 _aLondon :
_bRandom Century Group,
_c1991.
300 _a360 pages :
_c18 cm.
650 _aFiction.
999 _c281974
_d281974